FNPTD6. Programa Fortran para la proyección de demanda eléctrica por mínimos cuadrados
Guardado en:
| Hovedforfatter: | |
|---|---|
| Format: | Bog |
| Sprog: | Spanish |
| Udgivet: |
San José, Costa Rica
1974
|
| Fag: | |
| Tags: |
Tilføj Tag
Ingen Tags, Vær først til at tagge denne postø!
|
MARC
| LEADER | 00000nam a2200000Ia 4500 | ||
|---|---|---|---|
| 003 | 001917 | ||
| 005 | 20230707092154.0 | ||
| 008 | 140114s1974 cr a 000 ||spa d | ||
| 040 | |c cru CEDI | ||
| 082 | |a 621.31 C355f | ||
| 100 | |a Castro L, Enrique |9 20931 | ||
| 245 | |a FNPTD6. Programa Fortran para la proyección de demanda eléctrica por mínimos cuadrados | ||
| 260 | |a San José, Costa Rica |c 1974 | ||
| 300 | |a 3[15] páginas algunas plegables : ilustraciones | ||
| 500 | |a A la cabeza de la portada. Instituto Costarricense de Electricidad .Dirección de Electrificación .Oficina Programa de Transmisión y Distribución | ||
| 650 | |x FORTRAN (LENGUAJE DE PROGRAMACION PARA COMPUTADORA) |x DISTRIBUCION DE ENERGIA ELECTRICA |x SISTEMAS DE ENERGIA ELECTRICA |9 20961 | ||
| 942 | |2 ddc |c CEDI |h 621.31 C355f |6 621_310000000000000_C355F | ||
| 999 | |c 15340 |d 15340 | ||
